000 00656 a2200193 4500
008 080820t xxu||||| |||| 00| 0 eng d
010 _aENG-84920
020 _a8177584642
_c250.00
035 _aEN-68453, B-225966
037 _bD.B.Act / Pub
082 _a378.013
100 _aJain, Mohit Kumar
245 _aBreak the MBA admissions barrier
_cby Mohit Kumar Jain and M. Harindran
260 _aDelhi
_bDorling Kindersley (India), licensees of Pearson Education in South Asia,
_c2006.
300 _a322 p.
_c24 cm. (Pbk)
650 _aMBA admissions
700 _aHarindran, M.
942 _adpl
_cEN
_k378.013 / JAI
_2ddc
_h378.013
_mJAI
999 _c746
_d746